| 000 | 00930nam a2200265Ia 4500 | ||
|---|---|---|---|
| 003 | OSt | ||
| 005 | 20221007123423.0 | ||
| 006 | a|||||r|||| 00| 0 | ||
| 007 | ta | ||
| 008 | 221006b |||||||| |||| 00| 0 eng d | ||
| 020 |
_a8120301919 (pbk) _cRs.95.00 |
||
| 024 | _a11439 | ||
| 037 |
_bMonika, _cTextual |
||
| 040 |
_aPAPL _cPAPL _beng |
||
| 041 |
_2eng _aeng |
||
| 082 | _aC, L4 | ||
| 100 | _aChen Min | ||
| 245 | 0 | _aPhysics problems with solutions by Min Chen | |
| 260 |
_aNew _bDelhi Prentice-Hall of India Pvt. Ltd. _c1974 |
||
| 300 |
_aix, 356p _ccm. |
||
| 500 | _a(Reprinted in 2002); ; Bibliographical references 354-356p; ^n23/CSL/CARPA/2003-2004/974^d2003-11-06^mPurchase; ; 2003-04/510^b2003-11-24^c510^d2003-11-17^eRs.1,992.60^fMonika Book Distributors; ; 2004-03-01^bSB^c2004-03-01^dVinay | ||
| 650 | _aPhysics | ||
| 942 |
_hC, L4 _cTEXL _2CC |
||
| 999 |
_c1211849 _d1211849 |
||